000 00611nam a2200229Ia 4500
003 OSt
005 20221007071944.0
006 a|||||r|||| 00| 0
007 ta
008 221006b |||||||| |||| 00| 0 eng d
024 _a25,053
037 _cReports / Technical Reports
040 _aFLL
_cFLL
_beng
041 _2eng
_aeng
082 _aZ3,94, L2
245 0 _aCriminal law revision committee
250 _a11th
260 _aLondon
_bMajesty's Stationery Office UK
_c1972
300 _a258p
_ccm.
942 _hZ3,94, L2
_cREP
_2CC
999 _c1144765
_d1144765